00696nam a22002057a 4500003000400000005001700004008004100021020001500062040002300077082002200100100002100122245015700143260006000300300003100360650001500391650002300406700002000429700001800449700002300467OSt20240530110418.0150309s2008 ua aol f b 001 0 eng d a9774162153 aEG-CaGPLcEG-CaGPL04221a930.1bCC/G E1 4Goddio , Franck  aEgypt's sunken treasures /c edited by Franck Goddio with David Fabre, photography of the artefacts by Christoph Gerigk with a foreword by Zahi Hawass. aCairo :bThe American University in Cairo Press,c2008. a399 P. : bill. ; c28 cm.0 aArcheology0 2EgyptxAntiquities1 4GODDIO, Franck.1 aFABRE, David.1 aGERIGK, Christoph.